000 01464nam a22002297a 4500
001 9163
003 FISKH
005 20251126114843.0
008 251126b cb ||||| |||| 00| 0 eng d
020 _a9789995001308
040 _aFISKH
_bkhr
_cFISKH
_dFISKH
082 _a510
100 _aVibol, Prom
245 _aគណិតវិទ្យា ថ្នាក់ទី ៥ /
_cគណះកម្មការនិពន្ធ លោក ព្រំ វិបុល​, លោក សូរ ច័ន្ទបូរី ,​ លោក ភី ជន់ និង​ លោក ហំ សេង​
260 _aភ្នំពេញ :
_bគ្រឹះស្ថានបោះពុម្ពនិងចែកផ្សាយ ,
_c2022.
300 _a124 pages :
_billustrations ;
_c25 cm .
520 _aនៅក្នុងសៀវភៅនេះមានខ្លឹមសារសំខាន់ៗចំនួន៥ដែលតម្រូវអោយសិស្សសិក្សាអំពីចំនួន រង្វាស់ចំណុះ រង្វាស់ប្រវែង រង្វាស់ទម្ងន់ ធរណីមាត្រ ស្ថិតិ លំនាំគំរូ ។
520 _a“This book contains five essential topics that require students to study numbers, volume, length, weight, geometry, statistics, and patterns.”
700 _aCheat, Ton
_eIllustrator
942 _2ddc
_cKHB
_n0
999 _c9163
_d9163